000 00505nab a2200145Ia 4500
003 ES-SlBCS
005 20210601132857.0
008 140529s1971 xxu||||| |||| 00| 0 ita d
041 _aita
100 1 _aManieri, Maria Rosaria
_9194469
245 0 0 _aLa concordia discors di un cattolico e di un laico sul problema dell'uomo nel mondo contemporaneo
_c Maria Rosaria Manieri
650 0 4 _aHombre
_917522
773 0 _tGiornali di Metafisica
_gvol. 26, nº. 2-3, 1971, págs. 223-230
_w0017-0372
942 _cAR
999 _c587070
_d587070